| 000 | 00421cam a2200169ua 4500 | ||
|---|---|---|---|
| 020 | _c1.50 | ||
| 041 |
_ahin _h |
||
| 082 |
_a891.54 _bGEE/MA |
||
| 100 | _aGeeta, Bandopadhyay . | ||
| 245 |
_aMadam kyuri / _cGeeta Bandopadyay. _hTextual Documents |
||
| 250 |
_a2 / _b. |
||
| 260 |
_aNew Delhi : _bPeoples publishing house , _c1961. |
||
| 300 | _a86 ; . | ||
| 365 | _a1.50 | ||
| 942 | _cBK | ||
| 999 |
_c8052 _d8052 |
||